=LDR 00000nam 2200000 4500 =001 INLIS000000000031514 =005 20130612133600 =008 ***********************************ind** =035 ##$$0010-061300000031514 =041 ##$$a ind =082 ##$$a 028.55 =090 ##$$a 028.55, Suw, k =100 ##$$a SUWANDI, N Ibnu =245 ##$$a Keajaiban Kupu- Kupu , N Ibnu Suwandi =260 ##$$a Epsilon Grup $b Bandung =300 ##$$a 32 hlm., , ilus., , 15X21 cm =650 ##$$a BACAAN KANAK-KANAK =850 ##$$a NBPNMAT